000 01779nam0a2200409 4500
001 RU\NLR\bibl\861424
005 20260607061330.0
010 _a5-93728-005-9
_92000
021 _aRU
_b2005-34176
_91709
035 _a(nilc)EL/0000024459
035 _a32.973-228412
035 _a(NLR Aleph) 000850099
090 _a1474555
_c1474555
100 _a20050706d2001 |||y0rusy50 ca
101 0 _arus
102 _aRU
105 _aa |||||||||
200 1 _aПрактическое руководство по организации и проектированию информационных систем
_fН.Т. Клещев, А.А. Романов
210 _aМ.
_cНаучтехлитиздат
_d2001
215 _a388, [1] с.
_cил.
_d21
320 _aБиблиогр.: с.375-385
606 1 _aИнформационные системы
_jРуководства, пособия и т.п.
_91013501
_3RU\NLR\auth\6668550
610 1 _aинформационные системы
610 1 _aинформационное взаимодействие
610 1 _aкоммуникационные стандарты
686 _a32.973.202
_vLBC/RL
_2rubbk
686 _a50.39
_2rugasnti
686 _aЗ973.233.02я7
700 1 _4070
_8rus
_7ca
_aКлещев
_bН. Т.
_cд-р техн. наук
_gНиколай Тимофеевич
_3RU\NLR\auth\771460
_9111485
701 1 _4070
_8rus
_7ca
_aРоманов
_bА. А.
_cд-р техн. наук
_f1952-
_gАлександр Анатольевич
_3RU\NLR\auth\7730464
_913484
801 0 _aRU
_bЧелябинская ОУНБ
_c20050511
801 1 _aRU
_bЧелябинская ОУНБ
_c20050706
801 2 _aRU
_bNLR
_c20051027
_grcr
830 _aпо кн
942 _cBOOK
980 _aNB